Einwohnerreichste Landkreise mit Ausnahmen - Statistiken

Allgemein
  • Dieses Quiz wurde 28 mal gespielt
  • Das Durchschnittsergebnis liegt bei 10 aus 16
Antwortstatistiken
Bundesland Einwohner Landkreise % Korrekt
Hessen 302.021 Darmstadt-Dieburg
77%
Sachsen 292.608 Bautzen
73%
Hessen 358.002 Offenbach
73%
Schleswig-Holstein 325.223 Pinneberg
73%
Sachsen 318.394 Erzgebirge
68%
Sachsen 296.431 Mittelsachsen
68%
Hessen 420.914 Main-Kinzig
64%
Bayern 354.396 München
59%
Schleswig-Holstein 278.058 Rendsburg-Eckernförde
59%
Sachsen 306.793 Zwickau
59%
Niedersachsen 354.821 Osnabrück
55%
Niedersachsen 334.539 Emsland
50%
Niedersachsen 328.028 Göttingen
50%
Hessen 311.593 Wetterau
50%
Schleswig-Holstein 283.562 Segeberg
45%
Hessen 274.169 Bergstraße
36%
Keine übereinstimmenden Quizze gefunden
Verteilung der Resultate
Anzahl Personen mit jedem Resultat
Perzentil nach korrekt beantworteten Fragen
Ihre Resultats-Entwicklung
Sie haben dieses Quiz noch nicht gespielt